[Event "SR 2. liga A 2002/2003"]
[Site "?"]
[Date "2002.12.01"]
[Round "6.4"]
[White "Kovarik, Oto"]
[Black "Mihalik, Marek"]
[Result "1/2-1/2"]
[WhiteElo "2103"]
[BlackElo "2090"]
[PlyCount "78"]
[EventDate "2002.??.??"]

1. e4 c5 2. Nf3 d6 3. d4 cxd4 4. Nxd4 Nf6 5. Bd3 Nc6 6. c3 g6 7. O-O Bg7 8. h3
O-O 9. Be3 Bd7 10. Nd2 Rc8 11. f4 a6 12. a4 Re8 13. Nxc6 Bxc6 14. a5 e5 15. f5
d5 16. fxg6 hxg6 17. Bg5 Qd6 18. Qf3 dxe4 19. Nxe4 Bxe4 20. Bxe4 Nxe4 21. Qxe4
Qc6 22. Qh4 Qc4 23. Qf2 Rc6 24. Rad1 Qe6 25. Qa7 Rc7 26. Rd8 Rxd8 27. Bxd8 Rd7
28. Bg5 Qd5 29. Qb8+ Kh7 30. Qe8 f5 31. h4 Qf7 32. Qxf7 Rxf7 33. Rd1 Bh6 34.
Rd5 Bxg5 35. hxg5 Re7 36. Kf2 Kg7 37. Ke3 Kf7 38. Rd6 Re6 39. Rd7+ Re7 1/2-1/2

[Event "SR 2. liga A 2002/2003"]
[Site "?"]
[Date "2002.12.01"]
[Round "6.4"]
[White "Sarmir, Milos"]
[Black "Hecko, Dusan"]
[Result "0-1"]
[WhiteElo "2160"]
[BlackElo "2168"]
[PlyCount "144"]
[EventDate "2002.??.??"]

1. e4 c6 2. d4 d5 3. Nc3 dxe4 4. Nxe4 Bf5 5. Ng3 Bg6 6. h4 h6 7. Nf3 Nd7 8. Bd3
Bxd3 9. Qxd3 e6 10. O-O ({Fritz kniznica} 10. Bd2 Ngf6 11. O-O-O Qc7) (10. Bf4
Qa5+ 11. Bd2 Qc7 12. O-O-O Ngf6) 10... Ngf6 11. Re1 Be7 12. Bd2 O-O 13. Ne4
Nxe4 14. Qxe4 Nf6 15. Qe2 Qc7 16. Rad1 Bd6 17. Ne5 Rad8 18. Ng4 Nxg4 19. Qxg4
f5 20. Qf3 Rde8 21. Re2 Rf7 22. Rde1 e5 23. dxe5 Rxe5 24. Rxe5 Bxe5 25. b3 Qd6
26. Qe2 Bf6 27. Qc4 Qd5 28. Qf4 Bxh4 29. Be3 Qd8 30. Bxa7 Bg5 31. Qc4 Qd7 32.
Bb6 Kh7 33. a4 Re7 34. Rf1 Re4 35. Qc5 Be7 36. Qc3 Bf6 37. Qf3 Qe6 38. a5 g5
39. Qd3 Be5 40. Rd1 Bg7 41. Kf1 g4 42. Be3 Qf7 43. Bc5 Re5 44. Bb6 Rd5 45. Qe2
Qh5 46. Kg1 Re5 47. Qf1 f4 48. Rd7 Rd5 49. Rxd5 Qxd5 50. Qd3+ Qxd3 51. cxd3 Kg6
52. Kf1 Kf5 53. Ke2 h5 54. Bd8 Bf6 55. Bb6 Ke6 56. Bc7 Be5 57. Bd8 Kd5 58. Bb6
Bd6 59. f3 Bc5 60. Bc7 Bd6 61. Bb6 c5 62. Bd8 Be5 63. Kd2 Kc6 64. Kc2 gxf3 65.
gxf3 Bc7 66. Bg5 Kb5 67. d4 c4 68. d5 cxb3+ 69. Kxb3 Kc5 70. d6 Bxd6 71. Bd8
Kd4 72. Bb6+ Kd3 0-1

[Event "SR 2. liga A 2002/2003"]
[Site "?"]
[Date "2002.12.01"]
[Round "6.4"]
[White "Srna, Jan"]
[Black "Minich, Peter"]
[Result "1-0"]
[WhiteElo "2073"]
[BlackElo "2212"]
[PlyCount "99"]
[EventDate "2002.??.??"]

1. d4 f5 2. Bf4 Nf6 3. h4 b6 4. e3 Bb7 5. c3 d6 6. Nf3 Nbd7 7. Qb3 Nd5 8. Ng5
N7f6 9. Bh2 c6 10. Bd3 Qd7 11. Nd2 e6 12. O-O-O O-O-O 13. Qc2 Kb8 14. Rhe1 h6
15. Ngf3 g5 16. e4 fxe4 17. Nxe4 Nxe4 18. Rxe4 Nf6 19. Re2 Ka8 20. Rde1 Re8 21.
Bg6 Re7 22. h5 Bg7 23. Qa4 Rf8 24. Nd2 b5 25. Qa3 Rd8 26. Bf5 Nxh5 27. Bxe6 Qc7
28. Bc8 Rxe2 29. Bxb7+ Qxb7 30. Rxe2 b4 31. Qa5 Qb6 32. Qxb6 axb6 33. Nc4 bxc3
34. bxc3 c5 35. Nxb6+ Kb7 36. dxc5 dxc5 37. Na4 Kc6 38. c4 Bd4 39. Re6+ Kb7 40.
Rb6+ Ka7 41. Rxh6 Nf4 42. Nb6 Nd3+ 43. Kc2 Nb4+ 44. Kb3 Bxf2 45. Ka4 Nxa2 46.
Kb5 Nc3+ 47. Ka5 Rb8 48. Bxb8+ Kxb8 49. Rh7 g4 50. Ka6 1-0

[Event "SR 2. liga A 2002/2003"]
[Site "?"]
[Date "2002.12.01"]
[Round "6.4"]
[White "Sukuba, Zdeno"]
[Black "Eged, Igor"]
[Result "1/2-1/2"]
[WhiteElo "2108"]
[BlackElo "2076"]
[PlyCount "36"]
[EventDate "2002.??.??"]

1. Nf3 Nf6 2. c4 c5 3. g3 Nc6 4. Bg2 d5 5. cxd5 Nxd5 6. Nc3 Nc7 7. O-O e5 8. d3
Be7 9. Nd2 Bd7 10. a4 O-O 11. Re1 Qc8 12. Nc4 f6 13. Be3 Rd8 14. Qc1 Nd4 15.
Bxd4 exd4 16. Nd5 Nxd5 17. Bxd5+ Kh8 18. Bf3 Qc7 1/2-1/2

[Event "SR 2. liga A 2002/2003"]
[Site "?"]
[Date "2002.12.01"]
[Round "6.4"]
[White "Toth_Vano, Peter"]
[Black "Skreno, Vladimir"]
[Result "0-1"]
[WhiteElo "2088"]
[BlackElo "2116"]
[PlyCount "76"]
[EventDate "2002.??.??"]

1. e4 c5 2. Nf3 Nc6 3. Bb5 g6 4. O-O Bg7 5. c3 a6 6. Bxc6 dxc6 7. d3 e5 8. Be3
b6 9. h3 Bb7 10. a4 a5 11. Na3 Ba6 12. Qb3 Qc7 13. Nc4 Bxc4 14. Qxc4 Nf6 15. b4
cxb4 16. cxb4 O-O 17. Rfc1 Rfc8 18. Rab1 axb4 19. Qxb4 Nd7 20. Bxb6 Nxb6 21.
Qxb6 Qd6 22. Qc5 Qxd3 23. Rb7 Bf6 24. Nxe5 Bxe5 25. Qxe5 Rxa4 26. Rxc6 Rf8 27.
Rb8 Ra8 28. Rxf8+ Rxf8 29. Qe7 Qd2 30. e5 Qe1+ 31. Kh2 Qxf2 32. Rf6 Qe3 33. Rf3
Qb6 34. Rc3 Qd4 35. Rc7 Qf4+ 36. Kg1 Ra8 37. g3 Ra1+ 38. Kg2 Qf1+ 0-1

[Event "SR 2. liga A 2002/2003"]
[Site "?"]
[Date "2002.12.01"]
[Round "6.5"]
[White "Gajarsky, Roman"]
[Black "Syrovy, Ivan"]
[Result "0-1"]
[WhiteElo "2051"]
[BlackElo "2066"]
[PlyCount "84"]
[EventDate "2002.??.??"]

1. e4 c6 2. d4 d5 3. e5 Bf5 4. Bd3 Bxd3 5. Qxd3 e6 6. Ne2 Qb6 7. b3 c5 8. c3
Nc6 9. O-O cxd4 10. cxd4 Nb4 11. Qd1 Ne7 12. Nd2 Rc8 13. Nf3 Nf5 14. Bg5 h6 15.
Be3 Be7 16. Ng3 Nxe3 17. fxe3 O-O 18. Rf2 Rc3 19. Nf1 Rfc8 20. Ne1 Bg5 21. Qf3
Qc7 22. g3 Nc6 23. h4 Nxd4 24. Qg4 Bxe3 25. Nxe3 Qxe5 26. N1g2 Rxe3 27. Nxe3
Qxe3 28. Raf1 Nf5 29. Kh2 h5 30. Qf3 Rc3 31. Qf4 Qxg3+ 32. Qxg3 Nxg3 33. Rd1
Nf5 34. Rf4 d4 35. Rd2 g6 36. Re4 Ng3 37. Re1 Nf5 38. Re4 Kg7 39. Kg2 Kf6 40.
Rf2 e5 41. Rd2 Ne3+ 42. Kf2 Kf5 0-1

[Event "SR 2. liga A 2002/2003"]
[Site "?"]
[Date "2002.12.01"]
[Round "6.5"]
[White "Hanzluvka, Peter"]
[Black "Gasa, Andrej"]
[Result "0-1"]
[WhiteElo "2127"]
[BlackElo "2151"]
[PlyCount "64"]
[EventDate "2002.??.??"]

1. e4 c5 2. Nf3 d6 3. d4 cxd4 4. Nxd4 Nf6 5. Nc3 g6 6. Bc4 Bg7 7. Bb3 O-O 8. f3
Nc6 9. Be3 Bd7 10. Qd2 Qa5 11. Nxc6 Bxc6 12. Bh6 Bxh6 13. Qxh6 Qh5 14. Qd2 a5
15. a3 b5 16. Ke2 Qe5 17. h3 Nh5 18. Kf2 Qg3+ 19. Kg1 b4 20. Nd5 Bxd5 21. Bxd5
Rac8 22. axb4 axb4 23. Bb3 Qe5 24. Rb1 Ng3 25. Rh2 Qc5+ 26. Qf2 Ne2+ 27. Kf1
Nd4 28. g4 Nxb3 29. cxb3 Qe5 30. Qd2 Rc5 31. Re2 Qg3 32. Rf2 Rfc8 0-1

[Event "SR 2. liga A 2002/2003"]
[Site "?"]
[Date "2002.12.01"]
[Round "6.5"]
[White "Kuna, Vladimir"]
[Black "Faltan, Peter"]
[Result "0-1"]
[WhiteElo "2159"]
[BlackElo "2148"]
[PlyCount "52"]
[EventDate "2002.??.??"]

1. d4 d5 2. Nf3 Nf6 3. c4 e6 4. Bg5 Be7 5. Nc3 Nbd7 6. e3 O-O 7. Rc1 c6 8. Bd3
dxc4 9. Bxc4 Nd5 10. Bxe7 Nxe7 11. O-O Qa5 12. Qe2 e5 13. dxe5 Nxe5 14. Nxe5
Qxe5 15. f4 Qa5 16. a3 Nf5 17. g4 Nd6 18. Bd3 f5 19. gxf5 Nxf5 20. Bxf5 Bxf5
21. Qc4+ Kh8 22. e4 Bh3 23. Rf2 Rxf4 24. Rxf4 Qg5+ 25. Kf2 Qxf4+ 26. Ke1 Qxc1+
0-1

[Event "SR 2. liga A 2002/2003"]
[Site "?"]
[Date "2002.12.01"]
[Round "6.5"]
[White "Miklas, Marian"]
[Black "Zacik, Anton"]
[Result "1-0"]
[WhiteElo "2176"]
[BlackElo "2113"]
[PlyCount "71"]
[EventDate "2002.??.??"]

1. c4 Nf6 2. g3 e5 3. Bg2 Nc6 4. Nc3 Bc5 5. a3 a5 6. e3 O-O 7. Nge2 Re8 8. d3
d6 9. O-O Bg4 10. h3 Bxe2 11. Qxe2 Rb8 12. Bd2 Ne7 13. Na4 c6 14. Nxc5 dxc5 15.
Bc3 Nf5 16. Qd2 Ra8 17. b4 axb4 18. axb4 Rxa1 19. Rxa1 cxb4 20. Bxb4 h5 21. Qc2
Qd7 22. Bc3 Qe6 23. Ra5 Nd7 24. Qb2 Nd6 25. Bb4 b6 26. Ra7 Nc5 27. Bxc5 bxc5
28. Bxc6 Rf8 29. Bd5 Qxh3 30. Qxe5 Nf5 31. Rxf7 Rxf7 32. Qe8+ Kh7 33. Bxf7 Nxg3
34. Qg8+ Kh6 35. Qh8+ Kg5 36. Qxg7+ 1-0

[Event "SR 2. liga A 2002/2003"]
[Site "?"]
[Date "2002.12.01"]
[Round "6.5"]
[White "Pusec, Pavel"]
[Black "Samko, Karol"]
[Result "1/2-1/2"]
[WhiteElo "2117"]
[BlackElo "1982"]
[PlyCount "28"]
[EventDate "2002.??.??"]

1. e4 c5 2. Nf3 Nc6 3. d4 cxd4 4. Nxd4 g6 5. Nc3 Bg7 6. Be3 Nf6 7. Nxc6 bxc6 8.
f3 O-O 9. Qd2 Qa5 10. Be2 d6 11. O-O Rd8 12. Rab1 Qc7 13. Rfd1 Be6 14. a3 Nd7
1/2-1/2

[Event "SR 2. liga A 2002/2003"]
[Site "?"]
[Date "2002.12.01"]
[Round "6.5"]
[White "Vychodil, Michal"]
[Black "Labar, Eduard"]
[Result "0-1"]
[WhiteElo "2078"]
[BlackElo "2049"]
[PlyCount "70"]
[EventDate "2002.??.??"]

1. e4 c6 2. d4 d5 3. f3 e6 4. Nc3 Bd6 5. e5 Bf8 6. f4 Qb6 7. Nf3 c5 8. Ne2 Nc6
9. c3 Nh6 10. a3 a5 11. h3 g6 12. g4 Bd7 13. Bg2 cxd4 14. cxd4 a4 15. Nc3 Nd8
16. Bf1 Ng8 17. Be2 Ne7 18. O-O Bg7 19. Kg2 O-O 20. Bd3 Bc6 21. Bc2 Qa7 22. f5
exf5 23. gxf5 gxf5 24. Nh4 Bxe5 25. dxe5 d4+ 26. Kh2 dxc3 27. Bh6 Ne6 28. Bxf5
Nxf5 29. Nxf5 Kh8 30. Bxf8 Rxf8 31. bxc3 Rg8 32. Ng3 Qe3 33. Qe1 Qh6 34. Rg1
Nf4 35. Qf2 Qxh3# 0-1

[Event "SR 2. liga A 2002/2003"]
[Site "?"]
[Date "2002.12.01"]
[Round "6.6"]
[White "Duris, Ivan"]
[Black "Mandak, Miroslav"]
[Result "0-1"]
[WhiteElo "2023"]
[BlackElo "2089"]
[PlyCount "58"]
[EventDate "2002.??.??"]

1. e4 c5 2. Nf3 d6 3. d4 cxd4 4. Nxd4 Nf6 5. Nc3 g6 6. Bd3 Bg7 7. O-O O-O 8.
Nce2 e5 9. Nb3 d5 10. Ng3 Nc6 11. Qe1 dxe4 12. Nxe4 Nd5 13. Bc4 Nf4 14. Be3 Be6
15. Qc3 Rc8 16. Nbc5 Bxc4 17. Qxc4 Nd4 18. Bxf4 exf4 19. c3 Nf5 20. Qb5 b6 21.
Rad1 Qe7 22. Nd7 Qxe4 23. Nxf8 Rxf8 24. Rd7 f3 25. Qd5 Qe2 26. Qd2 Qa6 27. Qd5
fxg2 28. Kxg2 Qe2 29. Qd2 Nh4+ 0-1

[Event "SR 2. liga A 2002/2003"]
[Site "?"]
[Date "2002.12.01"]
[Round "6.6"]
[White "Hrncar, Lubomir"]
[Black "Puskas, Miroslav"]
[Result "1-0"]
[WhiteElo "2025"]
[BlackElo "2142"]
[PlyCount "85"]
[EventDate "2002.??.??"]

1. e4 e5 2. Nf3 Nc6 3. Bb5 a6 4. Ba4 Nf6 5. Bxc6 dxc6 6. d3 Bg4 7. h3 Bh5 8. g4
Nxg4 9. hxg4 Bxg4 10. Be3 Qf6 11. Nbd2 Bb4 12. c3 Ba5 13. Qe2 Bb6 14. Bxb6 cxb6
15. Qe3 O-O-O 16. O-O-O h5 17. Kc2 Rd7 18. Rdg1 Rhd8 19. Ne1 c5 20. f3 Be6 21.
Qg5 c4 22. Qxf6 cxd3+ 23. Kb1 gxf6 24. Rxh5 b5 25. Rgh1 a5 26. f4 Bg4 27. R5h4
Be2 28. fxe5 fxe5 29. Rg1 Kc7 30. Rg7 f5 31. Rhh7 f4 32. Rxd7+ Rxd7 33. Rxd7+
Kxd7 34. Kc1 b6 35. Ndf3 Kd6 36. Kd2 b4 37. cxb4 axb4 38. Ng1 b5 39. Nxe2 dxe2
40. Kxe2 b3 41. a3 Kc5 42. Kd3 b4 43. a4 1-0

[Event "SR 2. liga A 2002/2003"]
[Site "?"]
[Date "2002.12.01"]
[Round "6.6"]
[White "Kebis, Milos"]
[Black "Hecht, Tomas"]
[Result "1-0"]
[WhiteElo "2050"]
[BlackElo "2081"]
[PlyCount "87"]
[EventDate "2002.??.??"]

1. c4 e5 2. Nc3 Nf6 3. g3 Nc6 4. Bg2 d6 5. Nf3 Be7 6. d3 O-O 7. O-O Be6 8. a3
Qd7 9. Ng5 Bg4 10. f3 h6 11. fxg4 hxg5 12. h3 Nh7 13. Nd5 Rab8 14. Bd2 Nd4 15.
e3 Ne6 16. b4 Bd8 17. Ra2 c6 18. Nc3 Nf6 19. Qf3 Bc7 20. Bc1 Rbd8 21. e4 Bb6+
22. Kh1 Nd4 23. Qd1 Nh7 24. Be3 Qe6 25. a4 a6 26. a5 Ba7 27. Na4 Qg6 28. Qe1 d5
29. c5 Nf6 30. Nc3 Ne6 31. Bc1 dxe4 32. Nxe4 Qh6 33. Nxf6+ gxf6 34. Raf2 Qg7
35. Qe2 Rd4 36. Bd2 Rfd8 37. Be4 Bb8 38. Rxf6 Nf4 39. gxf4 Qxf6 40. fxg5 Qg7
41. Rf6 Qh8 42. Rh6 Qg7 43. Qf3 Re8 44. Rh7 1-0

[Event "SR 2. liga A 2002/2003"]
[Site "?"]
[Date "2002.12.01"]
[Round "6.6"]
[White "Kralovic, Andrej"]
[Black "Kollarik, Gorazd"]
[Result "1/2-1/2"]
[WhiteElo "2055"]
[BlackElo "1820"]
[PlyCount "43"]
[EventDate "2002.??.??"]

1. c4 c5 2. Nc3 Nc6 3. g3 g6 4. Bg2 Bg7 5. d3 d6 6. e4 e5 7. Nge2 Nge7 8. O-O
O-O 9. Nd5 Nxd5 10. cxd5 Nd4 11. Nxd4 cxd4 12. f4 f6 13. f5 Bd7 14. Bd2 Qb6 15.
b4 Rac8 16. Qb3 Rc7 17. fxg6 hxg6 18. Rfc1 Rfc8 19. Rxc7 Rxc7 20. a4 a6 21. Rb1
Qa7 22. h3 1/2-1/2

[Event "SR 2. liga A 2002/2003"]
[Site "?"]
[Date "2002.12.01"]
[Round "6.6"]
[White "Sekera, Branislav"]
[Black "Diviak, Rastislav"]
[Result "1/2-1/2"]
[WhiteElo "2128"]
[BlackElo "1824"]
[PlyCount "120"]
[EventDate "2002.??.??"]

1. d4 Nf6 2. Nf3 g6 3. g3 Bg7 4. Bg2 d6 5. O-O O-O 6. c3 Nbd7 7. Qc2 c5 8. Nbd2
Qc7 9. Nb3 b6 10. dxc5 Nxc5 11. Nxc5 bxc5 12. Bg5 Be6 13. Bxf6 Bxf6 14. b3 a5
15. Rac1 Rab8 16. c4 Rb6 17. Nd2 Rfb8 18. Be4 Bd7 19. e3 a4 20. h4 axb3 21.
axb3 Bc6 22. Qd3 Bxe4 23. Qxe4 Qb7 24. Qxb7 R8xb7 25. Rc2 Ra6 26. Rb1 Rba7 27.
Kg2 Ra2 28. Rxa2 Rxa2 29. Nf3 Rb2 30. Rxb2 Bxb2 31. Ne1 Kf8 32. Nd3 Bf6 33. Kf3
Ke8 34. Kg4 Kd7 35. h5 e6 36. hxg6 hxg6 37. e4 Kc6 38. Kf3 d5 39. exd5+ exd5
40. Nf4 dxc4 41. bxc4 Bd4 42. Nd3 Kd6 43. g4 Ke6 44. Kf4 f6 45. Ke4 g5 46. f3
Bg1 47. f4 Bd4 48. fxg5 fxg5 49. Ne1 Bf6 50. Nf3 Bd8 51. Kd3 Kd6 52. Kc2 Kc7
53. Kb3 Kb6 54. Ne5 Be7 55. Ka4 Ka6 56. Kb3 Kb7 57. Kc2 Kc7 58. Kd3 Kd6 59. Ke4
Ke6 60. Nd3 Bd6 1/2-1/2

[Event "SR 2. liga A 2002/2003"]
[Site "?"]
[Date "2002.12.01"]
[Round "6.6"]
[White "Vach, Jozef"]
[Black "Pobjecky, Ivan"]
[Result "1/2-1/2"]
[WhiteElo "1860"]
[BlackElo "2005"]
[PlyCount "50"]
[EventDate "2002.??.??"]

1. e4 c5 2. Nf3 Nc6 3. d4 cxd4 4. Nxd4 Nf6 5. Nc3 d6 6. Be2 g6 7. Be3 Bg7 8.
Qd2 Ng4 9. Nxc6 bxc6 10. Bxg4 Bxg4 11. f3 Be6 12. Bh6 O-O 13. Bxg7 Kxg7 14. g4
Qb6 15. O-O-O Rab8 16. Qd4+ f6 17. Qxb6 axb6 18. a4 Rfc8 19. b3 Kf7 20. Kb2 Rb7
21. Rd2 Ra7 22. Rg1 Rd8 23. Rgd1 Bc8 24. h3 Rad7 25. f4 e6 1/2-1/2

[Event "SR 2. liga A 2002/2003"]
[Site "?"]
[Date "2002.12.01"]
[Round "6.7"]
[White "Antol, Ladislav"]
[Black "Galan, Anton"]
[Result "0-1"]
[WhiteElo "2039"]
[BlackElo "1966"]
[PlyCount "125"]
[EventDate "2002.??.??"]

1. e4 Nf6 2. e5 Nd5 3. d4 d6 4. Nf3 Nc6 5. c4 Nb6 6. exd6 cxd6 7. b3 g6 8. Bb2
Bg7 9. Na3 Bg4 10. Nc2 O-O 11. Be2 Qc7 12. O-O Rad8 13. Ng5 Bf5 14. Ne3 Bc8 15.
Qd2 e5 16. d5 Ne7 17. f4 h6 18. Ne4 f5 19. Nc3 Nd7 20. Kh1 exf4 21. Rxf4 g5 22.
Rf2 f4 23. Nc2 Ne5 24. Nd4 Nf5 25. Nxf5 Bxf5 26. Nb5 Qb8 27. Nd4 Ng4 28. Bxg4
Bxg4 29. Ne6 Bxb2 30. Qxb2 Bxe6 31. dxe6 Qc7 32. Qd4 b6 33. h4 Qe7 34. Qd5 g4
35. Qh5 Qxe6 36. Raf1 g3 37. Rf3 Rf6 38. Qd5 Qxd5 39. cxd5 Rdf8 40. Rc3 R8f7
41. Rc6 Re7 42. Rfc1 Kg7 43. Rc7 Rff7 44. R7c6 Rf6 45. Rc7 Rff7 46. R7c6 Re2
47. Rxd6 Rfe7 48. Re6 R7xe6 49. dxe6 Kf6 50. Kg1 Kxe6 51. Kf1 Rf2+ 52. Kg1 Rxa2
53. Rb1 Kf5 54. b4 a5 55. bxa5 bxa5 56. Kf1 Rf2+ 57. Kg1 a4 58. Ra1 Re2 59. Kf1
Re4 60. Rb1 a3 61. Rb5+ Re5 62. Rb6 Ra5 63. Rxh6 0-1

[Event "SR 2. liga A 2002/2003"]
[Site "?"]
[Date "2002.12.01"]
[Round "6.7"]
[White "Godula, Martin"]
[Black "Holly, Milan"]
[Result "1-0"]
[WhiteElo "1854"]
[BlackElo "1696"]
[PlyCount "79"]
[EventDate "2002.??.??"]

1. d4 d5 2. c4 dxc4 3. Nc3 Bf5 4. e4 Bg6 5. Bxc4 e6 6. Nge2 c6 7. a3 h6 8. O-O
Nf6 9. f3 Be7 10. Kh1 O-O 11. Be3 Nbd7 12. Rc1 Nb6 13. Ba2 Rc8 14. Nf4 Qd7 15.
Bxe6 fxe6 16. Nxg6 Rfe8 17. Nxe7+ Qxe7 18. Qe2 Rf8 19. Nd1 Qf7 20. Nf2 Nbd7 21.
Nd3 b6 22. Rfd1 g5 23. h3 Nh5 24. Bf2 c5 25. dxc5 bxc5 26. b3 a5 27. Rc4 Rb8
28. Qc2 e5 29. Nxc5 Nb6 30. Rc3 g4 31. hxg4 Nf4 32. Bg3 h5 33. Bxf4 Qxf4 34.
Ne6 Qf6 35. Nxf8 Rxf8 36. gxh5 Qh4+ 37. Kg1 Rf4 38. Qf2 Qxh5 39. Qxb6 Rh4 40.
Rd8+ 1-0

[Event "SR 2. liga A 2002/2003"]
[Site "?"]
[Date "2002.12.01"]
[Round "6.7"]
[White "Karlik, Lubomir"]
[Black "Skapikova, Lubica"]
[Result "1-0"]
[WhiteElo "2128"]
[BlackElo "1824"]
[PlyCount "95"]
[EventDate "2002.??.??"]

1. d4 Nf6 2. c4 e6 3. Nc3 Bb4 4. Bg5 h6 5. Bh4 b6 6. a3 Bxc3+ 7. bxc3 O-O 8.
Nf3 Bb7 9. e3 d6 10. Be2 Nbd7 11. O-O Re8 12. Nd2 Nf8 13. Bf3 Bxf3 14. Qxf3 g5
15. Bg3 Ng6 16. h3 Nd7 17. a4 a5 18. Nb3 f5 19. Rfd1 Nf6 20. c5 Ne4 21. cxd6
cxd6 22. c4 Qf6 23. Nd2 Nxg3 24. fxg3 Ne7 25. Rab1 Rab8 26. Ne4 Qg7 27. Nxd6
Red8 28. Nb5 Rdc8 29. Rdc1 Nc6 30. c5 Nb4 31. cxb6 Rxc1+ 32. Rxc1 Nd5 33. Rc7
Nxc7 34. bxc7 Rc8 35. Qb7 Qd7 36. Qb8 Kg7 37. Qb6 f4 38. gxf4 gxf4 39. exf4 Kh7
40. Qxa5 Qc6 41. Qd2 Rg8 42. f5 exf5 43. d5 Qc5+ 44. Kh1 Qc4 45. d6 f4 46. Qd1
Rg6 47. Nd4 Qd5 48. Qc2 1-0

[Event "SR 2. liga A 2002/2003"]
[Site "?"]
[Date "2002.12.01"]
[Round "6.7"]
[White "Mikulas, Dusan"]
[Black "Raczko, Peter"]
[Result "1-0"]
[WhiteElo "2154"]
[BlackElo "2002"]
[PlyCount "55"]
[EventDate "2002.??.??"]

1. e4 d6 2. d4 Nf6 3. Nc3 g6 4. f4 Bg7 5. Nf3 c5 6. dxc5 Qa5 7. Bd3 Qxc5 8. Qe2
O-O 9. Be3 Qa5 10. Bd2 Qd8 11. O-O Nc6 12. Kh1 Bg4 13. Qe1 Rc8 14. Qh4 Nb4 15.
e5 Bxf3 16. Rxf3 Nxd3 17. Rxd3 Ne8 18. Rh3 f5 19. Qxh7+ Kf7 20. Rg3 dxe5 21.
Qxg6+ Kg8 22. Qe6+ Rf7 23. Rd3 Qc7 24. Nd5 Qxc2 25. Nxe7+ Kf8 26. Qxc8 Qxd3 27.
Ng6+ Kg8 28. Qxe8+ 1-0

[Event "SR 2. liga A 2002/2003"]
[Site "?"]
[Date "2002.12.01"]
[Round "6.7"]
[White "Mosny, Jaroslav"]
[Black "Pospichal, Karol"]
[Result "0-1"]
[WhiteElo "2060"]
[BlackElo "2079"]
[PlyCount "65"]
[EventDate "2002.??.??"]

1. d4 Nf6 2. Nf3 c5 3. c3 cxd4 4. cxd4 d5 5. e3 g6 6. Bd3 Bg7 7. O-O O-O 8.
Nbd2 Nc6 9. b3 Nb4 10. Bb1 Bd7 11. a3 Nc6 12. Bb2 Rc8 13. Bd3 Na5 14. Ne5 Qb6
15. b4 Nc6 16. Nxc6 Bxc6 17. Qe2 Rc7 18. Rac1 Rfc8 19. Nb3 Be8 20. Nc5 Nd7 21.
Rfd1 a6 22. h4 Nxc5 23. dxc5 Qc6 24. Bxg7 Kxg7 25. h5 Qf6 26. Bb1 Bb5 27. Qd2
Ba4 28. Re1 Qg5 29. Qd4+ f6 30. Ba2 e5 31. Qxd5 Bc6 32. h6+ Kxh6 33. f4 0-1

[Event "SR 2. liga A 2002/2003"]
[Site "?"]
[Date "2002.12.01"]
[Round "6.7"]
[White "Slamena, Michal"]
[Black "Ac, Alexander"]
[Result "1-0"]
[WhiteElo "1717"]
[BlackElo "2099"]
[PlyCount "95"]
[EventDate "2002.??.??"]

1. e4 e6 2. d4 d5 3. Nd2 c5 4. Ngf3 Nc6 5. Bb5 a6 6. Bxc6+ bxc6 7. O-O cxd4 8.
exd5 cxd5 9. Nxd4 Bd6 10. N2f3 h6 11. Re1 Qc7 12. Nf5 Nf6 13. Qd4 Kf8 14. Nxd6
Qxd6 15. Bf4 Qd8 16. c4 Bb7 17. c5 Rc8 18. Rac1 Bc6 19. Re3 Kg8 20. Rec3 Nd7
21. Bd6 f6 22. Nh4 g5 23. Qd3 Qe8 24. Qg6+ Qxg6 25. Nxg6 Rh7 26. Ne7+ Rxe7 27.
Bxe7 Kf7 28. Bd6 e5 29. h4 Ke6 30. hxg5 hxg5 31. Rh3 g4 32. Rh7 d4 33. Kf1 Kd5
34. b4 Ke6 35. Ke2 e4 36. g3 Bb5+ 37. Kd2 Ne5 38. Re7+ Kd5 39. Bxe5 fxe5 40. c6
Bxc6 41. Rc5+ Kd6 42. Rexe5 Rb8 43. a3 Rf8 44. Rf5 Rxf5 45. Rxf5 Bd7 46. Ra5
Bb5 47. a4 Bc4 48. Rg5 1-0

[Event "SR 2. liga A 2002/2003"]
[Site "?"]
[Date "2002.12.01"]
[Round "6.8"]
[White "Antala, Jan"]
[Black "Hertel, Ondrej"]
[Result "1-0"]
[WhiteElo "1904"]
[BlackElo "1729"]
[PlyCount "97"]
[EventDate "2002.??.??"]

1. e4 e5 2. Nf3 Nc6 3. Bc4 d6 4. d4 exd4 5. Nxd4 Ne5 6. Be2 Nf6 7. O-O Be7 8.
Nc3 O-O 9. f4 Ng6 10. h3 Re8 11. Bd3 Nd7 12. Bc4 Nb6 13. Bb3 Bf6 14. Nf3 Bxc3
15. bxc3 Be6 16. Ng5 Bxb3 17. cxb3 h6 18. f5 Ne5 19. Nf3 d5 20. Nxe5 Rxe5 21.
exd5 Qxd5 22. Qg4 Re4 23. Qg3 Qc5+ 24. Kh1 Qe5 25. Bf4 Qxf5 26. Bxc7 Qe6 27.
Rae1 Re8 28. Rxe4 Qxe4 29. Bxb6 axb6 30. Qc7 Re7 31. Qxb6 Qe2 32. Rg1 Kh7 33.
Qb4 Qe6 34. c4 Qd7 35. Re1 Rxe1+ 36. Qxe1 g6 37. a4 Kg7 38. a5 Qd4 39. Qc1 Qd3
40. b4 Qb3 41. Qa1+ Kg8 42. b5 Qxc4 43. a6 Qc8 44. a7 Qa8 45. b6 Kh7 46. Qe5
Qd8 47. Qb8 Qxb6 48. a8=Q Qb1+ 49. Kh2 1-0

[Event "SR 2. liga A 2002/2003"]
[Site "?"]
[Date "2002.12.01"]
[Round "6.8"]
[White "Dzavik, Jozef"]
[Black "Janecek, Jan"]
[Result "1-0"]
[WhiteElo "1997"]
[BlackElo "1982"]
[PlyCount "81"]
[EventDate "2002.??.??"]

1. e4 e5 2. Nf3 d6 3. d4 exd4 4. Nxd4 Nf6 5. Nc3 Be7 6. Bd3 Bd7 7. O-O O-O 8.
Nde2 Bc6 9. Ng3 Nbd7 10. Re1 Ne5 11. Bf1 Re8 12. f4 Ng6 13. Bc4 a6 14. a4 Bf8
15. Bd3 b6 16. Qe2 Qc8 17. Qf1 Qb7 18. Bd2 Nd7 19. Bc4 Ne7 20. Be3 Ng6 21. b4
Nf6 22. Qd3 Nxe4 23. Ngxe4 Bxe4 24. Nxe4 Qxe4 25. Qxe4 Rxe4 26. Bd5 Rae8 27.
Bxe4 Rxe4 28. Bd2 Rd4 29. Rad1 Nxf4 30. c3 Rc4 31. Bxf4 Rxf4 32. Rd4 Rf5 33. g4
Rf3 34. Rc4 c5 35. bxc5 dxc5 36. Re8 g6 37. Rb8 Rf6 38. a5 b5 39. Rxc5 Kg7 40.
Rcc8 Bd6 41. g5 1-0

[Event "SR 2. liga A 2002/2003"]
[Site "?"]
[Date "2002.12.01"]
[Round "6.8"]
[White "Garaj, Ivan"]
[Black "Slovik, Vojtech"]
[Result "0-1"]
[WhiteElo "1728"]
[BlackElo "2030"]
[PlyCount "76"]
[EventDate "2002.??.??"]

1. d4 d5 2. c4 e6 3. Nc3 Nf6 4. Bg5 Nbd7 5. e3 c6 6. Nf3 Qa5 7. Nd2 dxc4 8.
Bxf6 Nxf6 9. Nxc4 Qc7 10. Be2 Nd5 11. O-O h5 12. f4 h4 13. Bg4 Be7 14. Qf3 Nf6
15. Bh3 Bd7 16. a3 c5 17. d5 Nxd5 18. Nxd5 exd5 19. Qxd5 Bxh3 20. gxh3 Rh6 21.
Ne5 Bf6 22. Ng4 Bxb2 23. Nxh6 Bxa1 24. Qe4+ Qe7 25. Qxe7+ Kxe7 26. Nf5+ Ke6 27.
Nxg7+ Bxg7 28. Kf2 Rd8 29. Kf3 Rd3 30. Ke4 Rxa3 31. f5+ Ke7 32. Rb1 b6 33. Re1
Ra2 34. Kd5 Rxh2 35. e4 Rd2+ 36. Kc6 Be5 37. Re3 c4 38. Ra3 Rd7 0-1

[Event "SR 2. liga A 2002/2003"]
[Site "?"]
[Date "2002.12.01"]
[Round "6.8"]
[White "Hajtmanek, Stanislav"]
[Black "Krist, Milan"]
[Result "1/2-1/2"]
[WhiteElo "1814"]
[BlackElo "2001"]
[PlyCount "131"]
[EventDate "2002.??.??"]

1. e4 e6 2. d4 d5 3. exd5 exd5 4. Nf3 Nf6 5. Be2 Bd6 6. Bg5 h6 7. Bh4 Bf5 8.
Nc3 c6 9. Bd3 Qe7+ 10. Ne2 Bxd3 11. Qxd3 O-O 12. O-O Nbd7 13. Rae1 Qd8 14. Ng3
Bxg3 15. Bxg3 Ne4 16. Bf4 Re8 17. Bc1 Re6 18. Qa3 Qf6 19. Qb4 b6 20. a4 Rae8
21. Re2 Ng5 22. Bxg5 hxg5 23. Rxe6 Rxe6 24. Re1 g4 25. Rxe6 Qxe6 26. Ne5 Nxe5
27. dxe5 Qxe5 28. g3 Qe2 29. Qd6 Qe1+ 30. Kg2 Qe4+ 31. Kg1 Qxa4 32. b3 Qa1+ 33.
Kg2 Qf6 34. Qb8+ Kh7 35. Qxa7 b5 36. Qe3 Qf5 37. Qc5 Qe6 38. Kg1 f5 39. Kg2 g5
40. Kg1 f4 41. gxf4 gxf4 42. h3 g3 43. h4 Qe2 44. Kg2 Qe4+ 45. Kg1 g2 46. Qxc6
f3 47. Qc7+ Kg8 48. Qd8+ Kg7 49. Qd7+ Kh6 50. Qc6+ Kh5 51. Qc3 Kxh4 52. Qh8+
Kg5 53. Qg7+ Kf5 54. Qf7+ Ke5 55. Qe7+ Kf4 56. Qh4+ Kf5 57. Qh7+ Ke6 58. Qg8+
Kd7 59. Qg7+ Kc6 60. Qf6+ Kb7 61. Qg7+ Kc6 62. Qf6+ Kc5 63. Qc3+ Kb6 64. Qf6+
Kc7 65. Qg7+ Kb6 66. Qf6+ 1/2-1/2